| 000 | 00574nam a2200169Ia 4500 | ||
|---|---|---|---|
| 008 | 110201s9999 xx 000 0 und d | ||
| 082 |
_bB5173 _aP 99 |
||
| 100 | _aसुर्वे नारायण | ||
| 245 | _aमाझे विद्यापीठ | ||
| 260 | _bपॉप्युलर प्रकाशन | ||
| 365 | _b25 | ||
| 600 | _aसुर्वे नारायण | ||
| 630 | _aमाझे विद्यापीठ | ||
| 700 | _aसुर्वे नारायण | ||
| 730 | _aमाझे विद्यापीठ | ||
| 942 | _cBOOK | ||
| 999 |
_c831163 _d831160 |
||